000 00413nmm a2200145Ia 4500
008 251105s9999||||xx |||||||||||||||||und||
041 _aspa
100 _aOrdóñez, Marcos
245 0 _aComedia con fantasmas
264 _a[Madrid, España] :
_bLibros del asteroide,
_c2015
300 _a424 páginas
650 _aSpanish narrative
856 _uhttps://public.digitaliapublishing.com/a/50576
942 _cCF
999 _c105729
_d105729